| 000 | 00518nam a2200169Ia 4500 | ||
|---|---|---|---|
| 008 | 180921t2014 xxu||||| |||| 00| 0 sin d | ||
| 041 | _asin | ||
| 080 |
_a025 _bJAY |
||
| 100 | _aJayathissa,L.A | ||
| 245 | _aඉලෙක්ට්රොනික යුගයේ පුස්තකාල කළමණාකරණය | ||
| 246 | _aIlectronika Ugaye Pusthkala Kalamanakaranaya | ||
| 260 |
_bGodage _aColombo _c2014 |
||
| 300 | _b264P, 21cm | ||
| 942 | _cBK | ||
| 999 |
_c2630 _d2630 |
||
| 003 | LK-CoDNM | ||
| 040 |
_aLK-CoDNM _dLK-CoDNM _eLK-CoDNM |
||